<?xml version="1.0" encoding="UTF-8"?>
<record
    xmlns:xsi="http://www.w3.org/2001/XMLSchema-instance"
    xsi:schemaLocation="http://www.loc.gov/MARC21/slim http://www.loc.gov/standards/marcxml/schema/MARC21slim.xsd"
    xmlns="http://www.loc.gov/MARC21/slim">

  <leader>02294cam a2200421 a 4500</leader>
  <controlfield tag="001">6633259</controlfield>
  <controlfield tag="003">AZXCVBNMMKLL&#xD1;PO</controlfield>
  <controlfield tag="005">20220326193259.0</controlfield>
  <controlfield tag="008">080207s2007    enka     bc   000 0deng d</controlfield>
  <datafield tag="010" ind1=" " ind2=" ">
    <subfield code="a">  2008295306</subfield>
  </datafield>
  <datafield tag="020" ind1=" " ind2=" ">
    <subfield code="a">9781844671960</subfield>
  </datafield>
  <datafield tag="020" ind1=" " ind2=" ">
    <subfield code="a">1844671968</subfield>
  </datafield>
  <datafield tag="024" ind1=" " ind2=" ">
    <subfield code="a">99953782584</subfield>
  </datafield>
  <datafield tag="035" ind1=" " ind2=" ">
    <subfield code="a">(OCoLC)183145125</subfield>
    <subfield code="z">(OCoLC)171111202</subfield>
  </datafield>
  <datafield tag="035" ind1=" " ind2=" ">
    <subfield code="a">(OCoLC)ocn183145125</subfield>
  </datafield>
  <datafield tag="035" ind1=" " ind2=" ">
    <subfield code="a">(NNC)6633259</subfield>
  </datafield>
  <datafield tag="040" ind1=" " ind2=" ">
    <subfield code="a">EQO</subfield>
    <subfield code="c">EQO</subfield>
    <subfield code="d">DLC</subfield>
    <subfield code="d">YDXCP</subfield>
    <subfield code="d">BTCTA</subfield>
    <subfield code="d">BAKER</subfield>
    <subfield code="d">JED</subfield>
    <subfield code="d">MTG</subfield>
    <subfield code="d">SUC</subfield>
    <subfield code="d">UKM</subfield>
    <subfield code="d">VP@</subfield>
    <subfield code="d">EYE</subfield>
    <subfield code="d">IAY</subfield>
  </datafield>
  <datafield tag="041" ind1="1" ind2=" ">
    <subfield code="a">eng</subfield>
    <subfield code="h">ger</subfield>
  </datafield>
  <datafield tag="042" ind1=" " ind2=" ">
    <subfield code="a">lccopycat</subfield>
  </datafield>
  <datafield tag="050" ind1="0" ind2="0">
    <subfield code="a">PT2603.E455</subfield>
    <subfield code="b">Z932513 2007</subfield>
  </datafield>
  <datafield tag="082" ind1="0" ind2="0">
    <subfield code="a">838.912.07</subfield>
    <subfield code="b">B468a</subfield>
  </datafield>
  <datafield tag="130" ind1="0" ind2=" ">
    <subfield code="a">Walter Benjamins Archive.</subfield>
    <subfield code="l">English.</subfield>
    <subfield code="9">1297</subfield>
  </datafield>
  <datafield tag="245" ind1="1" ind2="0">
    <subfield code="a">Walter Benjamin's Archive :</subfield>
    <subfield code="b">images, texts, signs /</subfield>
    <subfield code="c">translated by Esther Leslie ; edited by Ursula Marx ... [et al.].</subfield>
  </datafield>
  <datafield tag="260" ind1=" " ind2=" ">
    <subfield code="a">London ;</subfield>
    <subfield code="a">New York :</subfield>
    <subfield code="b">Verso,</subfield>
    <subfield code="c">2007.</subfield>
  </datafield>
  <datafield tag="300" ind1=" " ind2=" ">
    <subfield code="a">310 p. :</subfield>
    <subfield code="b">ill. (some col.) ;</subfield>
    <subfield code="c">24 cm.</subfield>
  </datafield>
  <datafield tag="500" ind1=" " ind2=" ">
    <subfield code="a">Original German edition published to coincide with exhibition held October 3 to November 19 2006 at the Academy of Arts, Berlin.</subfield>
  </datafield>
  <datafield tag="504" ind1=" " ind2=" ">
    <subfield code="a">Includes bibliographical references (p. [309]-310).</subfield>
  </datafield>
  <datafield tag="505" ind1="0" ind2=" ">
    <subfield code="a">1. Tree of conscientiousness: Benjamin as archivist -- 2. Scrappy paperwork: collecting and dispersal  -- 3. From small to smallest details: micrographies -- 4. Physiognomy of the thingworld: Russian toys -- 5. Opinions et pens&#xE9;es: his son's words and turns of phrase -- 6. Daintiest quarters: notebooks -- 7.  Travel scenes: picture postcards -- 8. A bow being bent: composing, building, weaving -- 9. Constellations:  graphic forms -- 10. Rag picking: the Arcades Project -- 11. Past turned space:  arcades and interiors -- 12. Hard nuts to crack: riddles, brainteasers, word games -- 13. Sibyls:  mosaics in Siena.</subfield>
  </datafield>
  <datafield tag="600" ind1="1" ind2="0">
    <subfield code="a">Benjamin, Walter,</subfield>
    <subfield code="d">1892-1940</subfield>
    <subfield code="v">Archives</subfield>
    <subfield code="v">Exhibitions.</subfield>
    <subfield code="9">1298</subfield>
  </datafield>
  <datafield tag="650" ind1=" " ind2="0">
    <subfield code="a">Authors, German</subfield>
    <subfield code="y">20th century</subfield>
    <subfield code="v">Exhibitions.</subfield>
    <subfield code="9">1299</subfield>
  </datafield>
  <datafield tag="650" ind1=" " ind2="0">
    <subfield code="x">Benjamin, Walter. 1892-1940-archivos-exhibiciones</subfield>
    <subfield code="x">Autores alemanes-siglo 20-exhibiciones</subfield>
    <subfield code="9">1300</subfield>
  </datafield>
  <datafield tag="700" ind1="1" ind2=" ">
    <subfield code="a">Leslie, Esther.</subfield>
    <subfield code="9">1301</subfield>
  </datafield>
  <datafield tag="700" ind1="1" ind2=" ">
    <subfield code="a">Marx, Ursula.</subfield>
    <subfield code="9">1302</subfield>
  </datafield>
  <datafield tag="710" ind1="2" ind2=" ">
    <subfield code="a">Walter Benjamin Archiv.</subfield>
    <subfield code="9">1303</subfield>
  </datafield>
  <datafield tag="856" ind1="4" ind2="1">
    <subfield code="3">Table of contents</subfield>
    <subfield code="u">http://www.loc.gov/catdir/toc/fy0803/2008295306.html</subfield>
  </datafield>
  <datafield tag="948" ind1="1" ind2=" ">
    <subfield code="a">20130530</subfield>
    <subfield code="b">c</subfield>
    <subfield code="c">dk2679</subfield>
    <subfield code="d">MPS</subfield>
  </datafield>
  <datafield tag="999" ind1=" " ind2=" ">
    <subfield code="c">282</subfield>
    <subfield code="d">282</subfield>
  </datafield>
  <datafield tag="952" ind1=" " ind2=" ">
    <subfield code="0">0</subfield>
    <subfield code="1">0</subfield>
    <subfield code="2">ddc</subfield>
    <subfield code="4">0</subfield>
    <subfield code="7">0</subfield>
    <subfield code="a">LV</subfield>
    <subfield code="b">LV</subfield>
    <subfield code="c">Pensamiento</subfield>
    <subfield code="d">2014-08-14</subfield>
    <subfield code="l">1</subfield>
    <subfield code="o">838.912.07 B468a</subfield>
    <subfield code="p">000305</subfield>
    <subfield code="r">2018-09-12 00:00:00</subfield>
    <subfield code="s">2018-07-06</subfield>
    <subfield code="w">2014-08-14</subfield>
    <subfield code="y">01</subfield>
  </datafield>
</record>
